00501 2200205 4500001002100000005001700021008004100038035002400079082001000103090001500113245003300128250001100161260003100172300001900203650002400222850001500246980001300261985000600274999001500280YOGYA-0209000003251720090227024706.0 ind  0010-020900000032517 a614.4 a614.4bPem aPEMERIKSAAN hewan dan daging aTjet.2 aJakartabJ.B,Woltersc1953 a153 hlmc19 cm aDaging, Pemeriksaan aYOPDYOG(B) a24-12-06 a1 a06A0017656